000 00893nam a2200241 i 4500
001 126810
003 ES-MaACL
005 20250622053047.0
007 t|
008 070214q1919 sp |||| | spa d
040 _cES-MaACL
100 1 _aRibalta, Aurelio,
_996710
_d1864-1940
_eaut
245 1 3 _aLa afirmación regionalista :
_bmemoria de la Sección de Ciencias Morales y Políticas del Ateneo de Madrid : curso de 1918-19 /
_cAurelio Ribalta.
260 _a[Madrid :
_bs. n.,
_c1919?]
300 _a18 páginas
610 2 4 _91986
_aAteneo de Madrid.
_bSección de Ciencias Morales y Políticas-
_vMemorias
650 0 4 _aRegionalismo-
_zEspaña.
_916748
710 2 _aAteneo de Madrid.
_bSección de Ciencias Morales y Políticas
_91985
852 _aES-MaACL
_cDEPOF
_j1568-F-18
942 _cFOLLETOS
_n0
999 _c126810
_d126810